logo

Bir Sreshtho Munshi Abdur Rouf Library
Jhenaidah Cadet College

মার্কিন সরকার পদ্ধতি / (Record no. 9316)

MARC details
000 -LEADER
fixed length control field 00854nam a22002297a 4500
001 - CONTROL NUMBER
JCCL Control Number 9316
003 - CONTROL NUMBER IDENTIFIER
JCCL marc code BD-JhCC
005 - DATE AND TIME OF LATEST TRANSACTION
control field 20180314182732.0
008 - FIXED-LENGTH DATA ELEMENTS--GENERAL INFORMATION
fixed length control field 180312s1968 bg ||||| |||| 00| 0 ben d
035 ## - SYSTEM CONTROL NUMBER
system control number (BD-JhCC) 9316
040 ## - CATALOGING SOURCE
Original cataloging agency BD-JhCC
Modifying agency BD-JhCC
041 ## - LANGUAGE CODE
Language code of Book eng
082 ## - DEWEY DECIMAL CLASSIFICATION NUMBER
Classification number 342.73
Author mark and Year GRI 1968
100 ## - MAIN ENTRY--PERSONAL NAME
Personal name গ্রিফিথ, আর্নেস্টে এস
245 ## - TITLE STATEMENT
Title মার্কিন সরকার পদ্ধতি /
Remainder of title আর্নেস্টে এস গ্রিফিথ; কে. এম. মহিউদ্দিন (অনু)
260 ## - PUBLICATION, DISTRIBUTION, ETC. (IMPRINT)
Place of publication, distribution, etc ঢাকা :
Name of publisher, distributor, etc চৌধুরী পাবলিশিং হাউজ
Date of publication, distribution, etc MOH 1968
300 ## - PHYSICAL DESCRIPTION
Pagination 212. P :
Dimensions 21 cm
650 ## - SUBJECT ADDED ENTRY--TOPICAL TERM
Topical term or geographic name as entry element Pliitics and Goverment
Geographic subdivision United States
700 ## - ADDED ENTRY--PERSONAL NAME
Personal name মহিউদ্দিন, এ. কে. এম
942 ## - ADDED ENTRY ELEMENTS (KOHA)
Source of classification or shelving scheme Dewey Decimal Classification
Koha item type Books
Holdings
Source of classification or shelving scheme Damaged status Not for loan Home library Current library Shelving location Cost, normal purchase price Total Checkouts Full call number Barcode Date last seen Copy number Koha item type
Dewey Decimal Classification     JCC Rouf Library JCC Rouf Library General Stacks 3.00   342.73 GRI 1968 12078 03/12/2018 C-1 Books

JCC Library | Contacts | JCC Home

Last Update on 23 September 2017
Copyright @ 2017-2020 JCC Rouf Library
Rouf Library, Jhenidah Cadet College (JCC), Bangladesh